Banská Štiavnica
Salvato in:
| Natura: | Libro |
|---|---|
| Lingua: | slovacco |
| Pubblicazione: |
Bratislava :
Pamiatkový ústav,
1995
|
| Edizione: | 1. vyd. |
| Soggetti: | |
| Tags: |
Nessun Tag, puoi essere il primo ad aggiungerne!!
|
MARC
| LEADER | 00000nam a22000003a 4500 | ||
|---|---|---|---|
| 001 | stu12217 | ||
| 005 | 20150408162115.1 | ||
| 008 | 951219s1995----xo------------------slo-d | ||
| 020 | |a 8096716301 | ||
| 040 | |a STU |b slo | ||
| 041 | 0 | |a slo | |
| 044 | |a xo | ||
| 245 | |a Banská Štiavnica | ||
| 250 | |a 1. vyd. | ||
| 260 | |a Bratislava : |b Pamiatkový ústav, |c 1995 | ||
| 300 | |a 71 s |c foto | ||
| 650 | 7 | |a pamiatky architektonické |2 stusub | |
| 650 | 7 | |a ostatné mestá |2 stusub | |
| 650 | 7 | |a Banská Štiavnica |2 stusub | |
| 996 | |b 284AU00456 |c A*2837 U |l AAKNAR |s A |a 24 |w stu12217_0001 | ||
| 996 | |b 284V018120 |c V*9012/K-2161 |l VVT |s A |a 24 |w stu12217_0003 | ||